000 01022nas a2200301 i 4500
001 177230
003 ES-MaACL
005 20250702063128.0
008 110309c2010 f| | ||pa d
022 _a2171-6145
080 _a82-1(082.2)
080 _a82-1.09
245 0 3 _aEl Alambique :
_brevista de poesía.
260 _aGuadalajara :
_bFundación Alambique para la Poesía,
_c2010-
300 _av. :
_bilustraciones ;
_c24 cm.
310 _aSemestral
362 0 _a1 (mayo-oct. 2010)-
530 _aDisponible también en formato digital
650 0 4 _aPoesía-
_xHistoria y crítica.
_9183561
655 7 _2tgfbne
_9176539
_aPoesías
655 7 _2tgfbne
_9226866
_aRevistas
852 1 _aES-MaACL
_cHEM
_hDonación: Miguel Losada González
_jHEM-2114
_zRevista viva
_zCasillero antiguo: 45
_zContinúa su recepción
_9184047
866 0 _o2010-2014
903 _974261
_aLosada, Miguel
_ednr
942 _2udc
_cPERIODICA
_n0
999 _c177230
_d177230